000 00649nam a2200217Ia 4500
001 64595
003 OSt
005 20150701114158.0
008 150204s9999 xx 000 0 und d
020 _aNA
040 _cPK-LaUMT
082 _a 891.4393
_bTAR-G
100 _aTariq Ismail Sagar(طارق اسماعیل ساگر)
245 _aGarift (Urdu)(گرفت)
_cTariq Ismail Sagar(طارق اسماعیل ساگر)
250 _a4th
260 _aLahore,Pakistan:(لاہور،پاکستان)
_bMaqbool Academy,(مقبول اکیڈمی)
_c1998
300 _a311 p.
546 _aUR
650 _aPakistani literature-Urdu
942 _cBK
_2ddc
999 _c65741
_d65741